000 00420cam a2200181ua 4500
020 _c1.00
041 _ahin
_h
082 _a891.54
_bSOH/KU
100 _aSohanlal, Divedi .
245 _aKunal /
_cSohanlal Divedi.
_hTextual Documents
250 _a1 /
_b.
260 _aAllahabad :
_bIndian Press Ltd ,
_c1955.
300 _a128 ; .
365 _a1.00
504 _a
942 _cBK
999 _c8497
_d8497